[Event "World Junior Chess Championship U18 b"]
[Site "Gaziantep"]
[Date "2008.08.04"]
[Round "3.15"]
[White "Melkumyan, Hrant"]
[Black "Baratosi, Daniel"]
[Result "1-0"]
[WhiteElo "2507"]
[BlackElo "2433"]
[PlyCount "75"]
[EventDate "2008.08.??"]
[EventType "swiss"]
[EventRounds "13"]
[EventCountry "TUR"]

1. d4 d5 2. c4 c6 3. Nf3 Nf6 4. e3 e6 5. b3 Nbd7 6. Bd3 Bd6 7. Bb2 O-O 8. O-O
b6 9. Nc3 Bb7 10. Qe2 Re8 11. Rad1 Qe7 12. e4 e5 13. dxe5 Nxe5 14. exd5 Qc7 15.
Ne4 Nxe4 16. Bxe4 cxd5 17. Bxd5 Ng4 18. Qd3 Bxd5 19. cxd5 Bxh2+ 20. Kh1 Bd6 21.
Ng5 g6 22. Qd4 Be5 23. Qxg4 Bxb2 24. d6 Qc6 25. d7 Red8 26. Qh3 h6 27. Nf3 Kg7
28. Rd3 a5 29. Rfd1 a4 30. Rd6 Qc5 31. Qh4 axb3 32. axb3 b5 33. Qe7 Qf5 34. Nh4
Qxf2 35. Rxg6+ Kh7 36. Rg4 Qf6 37. Qe4+ Kh8 38. Nf5 1-0

[Event "World Junior Chess Championship U18 b"]
[Site "Gaziantep"]
[Date "2008.08.04"]
[Round "3.17"]
[White "Arun, Prasad Subramanian"]
[Black "Dragicevic, Drazen"]
[Result "1-0"]
[WhiteElo "2492"]
[BlackElo "2302"]
[PlyCount "100"]
[EventDate "2008.08.??"]
[EventType "swiss"]
[EventRounds "13"]
[EventCountry "TUR"]

1. Nf3 Nf6 2. c4 c5 3. g3 d5 4. cxd5 Nxd5 5. Bg2 Nc6 6. Nc3 Nc7 7. O-O e5 8. d3
Be7 9. Nd2 O-O 10. Nc4 f6 11. f4 exf4 12. Bxf4 Nd4 13. Qd2 Nde6 14. Be3 Rb8 15.
a4 b6 16. Nb5 a6 17. Nxc7 Qxc7 18. Bf4 Nxf4 19. Qxf4 Qxf4 20. Bd5+ Kh8 21. gxf4
b5 22. axb5 axb5 23. Na5 Rb6 24. e4 Be6 25. Nc6 Bd6 26. Ra7 Bxd5 27. exd5 Re8
28. Rd7 Bf8 29. Kf2 Ra6 30. Re1 Rxe1 31. Kxe1 Kg8 32. Kd2 h5 33. f5 h4 34. h3
c4 35. Ra7 Rb6 36. Kc3 cxd3 37. Kxd3 b4 38. Nd4 Bd6 39. Ne6 Be5 40. b3 Kh8 41.
Nf8 Kg8 42. Nd7 Rd6 43. Kc4 Bg3 44. Nc5 Rb6 45. Rb7 Rd6 46. Ne6 Kh8 47. Kxb4
Kh7 48. Rxg7+ Kh6 49. Rg6+ Kh7 50. Nf8+ Kh8 1-0

[Event "World Junior Chess Championship U18 b"]
[Site "Gaziantep"]
[Date "2008.08.04"]
[Round "3.18"]
[White "Narmontas, Matas"]
[Black "Papadopoulos, Ioannis"]
[Result "1-0"]
[WhiteElo "2369"]
[BlackElo "2490"]
[PlyCount "79"]
[EventDate "2008.08.??"]
[EventType "swiss"]
[EventRounds "13"]
[EventCountry "TUR"]

1. e4 c5 2. Nf3 Nc6 3. d4 cxd4 4. Nxd4 Nf6 5. Nc3 e5 6. Ndb5 d6 7. Nd5 Nxd5 8.
exd5 Nb8 9. c4 Be7 10. Be2 O-O 11. O-O Nd7 12. a4 a6 13. Nc3 a5 14. Nb5 f5 15.
f3 Nc5 16. Be3 b6 17. Qc2 Bd7 18. Rae1 f4 19. Bxc5 bxc5 20. Bd3 Bh4 21. Bxh7+
Kh8 22. Ra1 Rf6 23. Bg6 Qe7 24. Rfc1 Rc8 25. Kf1 Rff8 26. Be4 Qf6 27. Ke2 Qh6
28. Kd3 Bd8 29. Kc3 Bb6 30. Rh1 Rf6 31. Qf2 Bf5 32. Nxd6 Rxd6 33. Bxf5 Rb8 34.
Be4 Ba7 35. b3 Rdb6 36. Rab1 Rb4 37. Qe2 Qb6 38. Bc2 e4 39. Qxe4 Qf6+ 40. Kd2
1-0

[Event "World Junior Chess Championship U18 b"]
[Site "Gaziantep"]
[Date "2008.08.04"]
[Round "3.19"]
[White "Wen, Yang"]
[Black "Benidze, Davit"]
[Result "1/2-1/2"]
[WhiteElo "2487"]
[BlackElo "2389"]
[PlyCount "49"]
[EventDate "2008.08.??"]
[EventType "swiss"]
[EventRounds "13"]
[EventCountry "TUR"]

1. e4 c5 2. Ne2 Nc6 3. Nbc3 d6 4. d4 cxd4 5. Nxd4 Nf6 6. Bg5 e6 7. Qd2 a6 8.
O-O-O h6 9. Nxc6 bxc6 10. Bf4 d5 11. Qe3 Qa5 12. Be2 Bb4 13. Be5 dxe4 14. Bxf6
gxf6 15. Qxe4 Bb7 16. Nb1 Be7 17. Rd3 Rd8 18. Rhd1 f5 19. Qe3 Rxd3 20. Bxd3 Qc7
21. g3 c5 22. Nd2 Kf8 23. Qe2 a5 24. f4 Bf6 25. Nc4 1/2-1/2

[Event "World Junior Chess Championship U18 b"]
[Site "Gaziantep"]
[Date "2008.08.04"]
[Round "3.20"]
[White "Mamedov, Rauf"]
[Black "Enchev, Ivajlo"]
[Result "1-0"]
[WhiteElo "2627"]
[BlackElo "2367"]
[PlyCount "57"]
[EventDate "2008.08.??"]
[EventType "swiss"]
[EventRounds "13"]
[EventCountry "TUR"]

1. e4 c5 2. Nf3 d6 3. d4 cxd4 4. Qxd4 Nc6 5. Bb5 Bd7 6. Bxc6 Bxc6 7. Nc3 Nf6 8.
Bg5 e6 9. O-O-O Be7 10. Qd3 Qa5 11. h4 O-O 12. Nd4 Rac8 13. f4 Rfe8 14. Kb1 d5
15. Bxf6 Bxf6 16. e5 Be7 17. f5 exf5 18. Nxf5 Bf8 19. Qg3 Re6 20. h5 Qc7 21.
Rhe1 f6 22. Qg4 Rce8 23. Nxd5 Bxd5 24. Rxd5 Kh8 25. Red1 Rxe5 26. Rd7 Re4 27.
Qxg7+ Bxg7 28. Rxc7 Rg4 29. Re7 1-0

[Event "World Junior Chess Championship U18 b"]
[Site "Gaziantep"]
[Date "2008.08.04"]
[Round "3.21"]
[White "Andreikin, Dmitry"]
[Black "Karthikeyan, Pandian"]
[Result "1-0"]
[WhiteElo "2604"]
[BlackElo "2402"]
[PlyCount "53"]
[EventDate "2008.08.??"]
[EventType "swiss"]
[EventRounds "13"]
[EventCountry "TUR"]

1. Nf3 Nf6 2. c4 e6 3. g3 d5 4. Bg2 Be7 5. O-O O-O 6. d4 dxc4 7. Ne5 Nc6 8.
Nxc6 bxc6 9. Na3 Bxa3 10. bxa3 Nd5 11. Qa4 Nb6 12. Qa5 Bb7 13. Rd1 Qc8 14. e4
f5 15. f3 Ba6 16. a4 Bb7 17. Bf4 Rf7 18. Rab1 h6 19. Be5 Kh7 20. Re1 g6 21. Re3
Qd7 22. f4 Qc8 23. g4 fxe4 24. Rh3 Qf8 25. Bxe4 Rxf4 26. Bxf4 Qxf4 27. Qh5 1-0

[Event "World Junior Chess Championship U18 b"]
[Site "Gaziantep"]
[Date "2008.08.04"]
[Round "3.22"]
[White "Pacher, Milan"]
[Black "Laznicka, Viktor"]
[Result "0-1"]
[WhiteElo "2361"]
[BlackElo "2601"]
[PlyCount "96"]
[EventDate "2008.08.??"]
[EventType "swiss"]
[EventRounds "13"]
[EventCountry "TUR"]

1. e4 c5 2. Nf3 e6 3. d4 cxd4 4. Nxd4 Nc6 5. Nc3 a6 6. Nxc6 bxc6 7. Bd3 d5 8.
O-O Nf6 9. Qe2 Be7 10. b3 O-O 11. Bb2 Bb7 12. Rad1 Qc7 13. Na4 dxe4 14. Bxe4
Nxe4 15. Qxe4 c5 16. Qe5 Qxe5 17. Bxe5 Bc6 18. Nb6 Rad8 19. Bc7 Rd4 20. c3 Rxd1
21. Rxd1 f6 22. f3 g5 23. Kf2 Kf7 24. Nc4 h5 25. a3 g4 26. b4 cxb4 27. axb4 Rg8
28. Bd6 h4 29. Bxe7 Kxe7 30. Rd4 g3+ 31. hxg3 hxg3+ 32. Ke3 e5 33. Rh4 Rc8 34.
Na5 Ba8 35. c4 f5 36. c5 f4+ 37. Ke2 Bd5 38. Rh6 e4 39. c6 exf3+ 40. gxf3 Rg8
41. Rh1 Re8 42. Rh4 Kf6+ 43. Kf1 Ke5 44. Rg4 Kf5 45. c7 Bxf3 46. Rg7 Bg4 47.
Re7 Bh3+ 48. Kg1 f3 0-1

[Event "World Junior Chess Championship U18 b"]
[Site "Gaziantep"]
[Date "2008.08.04"]
[Round "3.23"]
[White "Grover, Sahaj"]
[Black "Geetha, Narayanan Gopal"]
[Result "0-1"]
[WhiteElo "2306"]
[BlackElo "2572"]
[PlyCount "94"]
[EventDate "2008.08.??"]
[EventType "swiss"]
[EventRounds "13"]
[EventCountry "TUR"]

1. e4 e5 2. Nf3 Nc6 3. Bb5 Nge7 4. O-O g6 5. c3 Bg7 6. d4 exd4 7. cxd4 d5 8.
exd5 Nxd5 9. Re1+ Be6 10. Bg5 Qd6 11. Nc3 O-O 12. Qd2 Bg4 13. Ne5 Nxc3 14. bxc3
Nxe5 15. Qf4 h6 16. dxe5 hxg5 17. Qxg4 Bxe5 18. Rad1 Qf6 19. c4 Rad8 20. Qf3
Qxf3 21. gxf3 Bd6 22. Kg2 Kg7 23. Ba4 c6 24. Rd3 Bc5 25. Red1 Rxd3 26. Rxd3 Re8
27. Kf1 Rh8 28. Kg2 Re8 29. Kf1 Re7 30. Bc2 Kf6 31. Bd1 Kf5 32. Be2 Ke6 33. Ke1
Rd7 34. Rxd7 Kxd7 35. f4 gxf4 36. h4 f5 37. h5 g5 38. f3 Ke6 39. h6 Kf6 40. Kd2
Bf8 41. h7 Kg7 42. Bd3 g4 43. Ke2 g3 44. Bxf5 b5 45. cxb5 cxb5 46. Bd3 Bc5 47.
Kf1 b4 0-1

[Event "World Junior Chess Championship U18 b"]
[Site "Gaziantep"]
[Date "2008.08.04"]
[Round "3.24"]
[White "Iturrizaga, Bonelli Eduardo Pat"]
[Black "Kulakov, Viacheslav"]
[Result "1-0"]
[WhiteElo "2561"]
[BlackElo "2360"]
[PlyCount "59"]
[EventDate "2008.08.??"]
[EventType "swiss"]
[EventRounds "13"]
[EventCountry "TUR"]

1. d4 d5 2. c4 c6 3. Nf3 Nf6 4. Nc3 e6 5. e3 Nbd7 6. Qc2 Be7 7. b3 O-O 8. Bb2
b6 9. Be2 Bb7 10. O-O Qc7 11. Rad1 Rfd8 12. Rfe1 Rac8 13. Bd3 c5 14. cxd5 exd5
15. Qb1 c4 16. bxc4 dxc4 17. Bf5 Rb8 18. e4 g6 19. Bh3 b5 20. Nxb5 Qb6 21. Nc3
Nxe4 22. Rxe4 Bxe4 23. Qxe4 Qxb2 24. Qxe7 Qxc3 25. Ng5 Rf8 26. Be6 Qxd4 27.
Bxf7+ Kh8 28. Rf1 Qc5 29. Qxd7 Qxg5 30. Qd4+ 1-0

[Event "World Junior Chess Championship U18 b"]
[Site "Gaziantep"]
[Date "2008.08.04"]
[Round "3.25"]
[White "Plenca, Julijan"]
[Black "Ramirez, Alejandro"]
[Result "0-1"]
[WhiteElo "2295"]
[BlackElo "2531"]
[PlyCount "44"]
[EventDate "2008.08.??"]
[EventType "swiss"]
[EventRounds "13"]
[EventCountry "TUR"]

1. e4 Nf6 2. e5 Nd5 3. d4 d6 4. Nf3 dxe5 5. dxe5 Bg4 6. h3 Bxf3 7. Qxf3 e6 8.
Bb5+ c6 9. Bd3 Nd7 10. Qg3 Qc7 11. f4 O-O-O 12. Bd2 Qb6 13. Nc3 Nxc3 14. Bxc3
Bb4 15. Bxb4 Qxb4+ 16. c3 Qxb2 17. O-O Qxc3 18. Rac1 Qa3 19. Qe3 Nb6 20. Rcd1
Nc4 21. Qc1 Qxc1 22. Rxc1 Nd2 0-1

[Event "World Junior Chess Championship U18 b"]
[Site "Gaziantep"]
[Date "2008.08.04"]
[Round "3.26"]
[White "Ragger, Markus"]
[Black "Vishnu, Prasanna Vasanthan"]
[Result "1-0"]
[WhiteElo "2527"]
[BlackElo "2341"]
[PlyCount "61"]
[EventDate "2008.08.??"]
[EventType "swiss"]
[EventRounds "13"]
[EventCountry "TUR"]

1. e4 c5 2. c3 g6 3. d4 cxd4 4. cxd4 d5 5. e5 Nc6 6. Nc3 Nh6 7. Bb5 Bg7 8. Nge2
O-O 9. O-O f6 10. exf6 exf6 11. Nf4 Nf5 12. Be3 Nfe7 13. Ncxd5 Nxd5 14. Qb3 a6
15. Bc4 Na5 16. Bxd5+ Kh8 17. Qc3 g5 18. Ne6 Qxd5 19. Nc7 Qd6 20. Nxa8 Nc6 21.
Nb6 f5 22. Qc5 Qxc5 23. dxc5 f4 24. Bd2 Bf5 25. Bc3 Nd4 26. Rfe1 f3 27. Bxd4
Bxd4 28. Rad1 Bxc5 29. Nd7 Bxd7 30. Rxd7 g4 31. Red1 1-0

[Event "World Junior Chess Championship U18 b"]
[Site "Gaziantep"]
[Date "2008.08.04"]
[Round "3.27"]
[White "Can, Emre"]
[Black "Djuraev, Sokhib"]
[Result "1-0"]
[WhiteElo "2460"]
[BlackElo "2324"]
[PlyCount "85"]
[EventDate "2008.08.??"]
[EventType "swiss"]
[EventRounds "13"]
[EventCountry "TUR"]

1. e4 g6 2. d4 Bg7 3. Nc3 d6 4. f4 Nf6 5. Nf3 O-O 6. Bd3 Na6 7. O-O c5 8. d5
Nc7 9. Qe1 Rb8 10. a4 e6 11. dxe6 fxe6 12. e5 Nfd5 13. exd6 Qxd6 14. Ne4 Qe7
15. Ne5 Nb4 16. Bd2 Nxd3 17. Nxd3 b6 18. Bc3 Ba6 19. Ng5 Bxd3 20. cxd3 Rbd8 21.
Rf3 Bf6 22. Ne4 Bd4+ 23. Kh1 Rd7 24. Qg3 Qg7 25. Re1 Rfd8 26. Qh3 h6 27. Qh4
Bxc3 28. bxc3 Rxd3 29. Nf6+ Kh8 30. Ng4 h5 31. Ne5 Rd1 32. Rff1 R1d2 33. g4 Ne8
34. gxh5 Kg8 35. Qh3 R8d6 36. hxg6 Nf6 37. Nf7 R6d5 38. Qxe6 Rh5 39. h3 Nd7 40.
Ng5+ Kh8 41. Qe8+ Nf8 42. Re7 Qf6 43. g7+ 1-0

[Event "World Junior Chess Championship U18 b"]
[Site "Gaziantep"]
[Date "2008.08.04"]
[Round "3.28"]
[White "Rzayev, Bahruz"]
[Black "Stupak, Kirill"]
[Result "0-1"]
[WhiteElo "2245"]
[BlackElo "2458"]
[PlyCount "80"]
[EventDate "2008.08.??"]
[EventType "swiss"]
[EventRounds "13"]
[EventCountry "TUR"]

1. e4 e6 2. d3 c5 3. Nf3 g6 4. g3 Bg7 5. Bg2 Ne7 6. O-O Nbc6 7. Nbd2 O-O 8. c3
b6 9. Qc2 Ba6 10. Re1 Qc7 11. Nf1 Rad8 12. h4 d5 13. Bf4 e5 14. Bd2 f5 15. exd5
Nxd5 16. a3 Nf6 17. c4 h6 18. Bc3 Rfe8 19. Rad1 Nd4 20. Bxd4 cxd4 21. N3d2 g5
22. hxg5 hxg5 23. Qa4 Bc8 24. b4 g4 25. Qc6 Qf7 26. c5 f4 27. cxb6 f3 28. Nxf3
gxf3 29. Bxf3 axb6 30. Qxb6 Nd5 31. Bxd5 Qxd5 32. Qc5 Qxc5 33. bxc5 Bg4 34. Rc1
Ra8 35. c6 Rec8 36. Nd2 Rxa3 37. Nc4 Rc3 38. Rxc3 dxc3 39. Nxe5 Bxe5 40. Rxe5
Bf3 0-1

[Event "World Junior Chess Championship U18 b"]
[Site "Gaziantep"]
[Date "2008.08.04"]
[Round "3.29"]
[White "Pruijssers, Roeland"]
[Black "Neimer, Vitaly"]
[Result "1-0"]
[WhiteElo "2452"]
[BlackElo "2316"]
[PlyCount "45"]
[EventDate "2008.08.??"]
[EventType "swiss"]
[EventRounds "13"]
[EventCountry "TUR"]

1. e4 c5 2. Nf3 e6 3. d4 cxd4 4. Nxd4 a6 5. Bd3 Bc5 6. Nb3 Be7 7. O-O d6 8. c4
Nf6 9. Nc3 Nbd7 10. f4 b6 11. Qf3 Bb7 12. Be3 Qc7 13. Rad1 O-O 14. Qh3 Rad8 15.
g4 g6 16. g5 Nh5 17. f5 exf5 18. exf5 Rfe8 19. Be2 Ne5 20. Nd4 b5 21. cxb5 axb5
22. Bxh5 gxh5 23. f6 1-0

[Event "World Junior Chess Championship U18 b"]
[Site "Gaziantep"]
[Date "2008.08.04"]
[Round "3.30"]
[White "Constantinou, Peter"]
[Black "Tomczak, Jacek"]
[Result "0-1"]
[WhiteElo "2225"]
[BlackElo "2451"]
[PlyCount "37"]
[EventDate "2008.08.??"]
[EventType "swiss"]
[EventRounds "13"]
[EventCountry "TUR"]

1. d4 Nf6 2. Bg5 d5 3. e3 c6 4. Bxf6 gxf6 5. c4 e5 6. Nc3 Be6 7. Nf3 dxc4 8.
dxe5 Nd7 9. Nd4 Nxe5 10. f4 Bg4 11. Qc2 c5 12. fxe5 cxd4 13. Bxc4 dxc3 14. O-O
Bc5 15. Qe4 f5 16. Bxf7+ Ke7 17. Rxf5 Bxf5 18. Qxf5 Bxe3+ 19. Kh1 0-1

[Event "World Junior Chess Championship U18 b"]
[Site "Gaziantep"]
[Date "2008.08.04"]
[Round "3.31"]
[White "Georgescu, Tiberiu"]
[Black "Yashkin, Oleg"]
[Result "1/2-1/2"]
[WhiteElo "2442"]
[BlackElo "2307"]
[PlyCount "58"]
[EventDate "2008.08.??"]
[EventType "swiss"]
[EventRounds "13"]
[EventCountry "TUR"]

1. d4 d5 2. c4 e6 3. Nf3 Nf6 4. g3 dxc4 5. Bg2 Nc6 6. Qa4 Bb4+ 7. Bd2 Nd5 8.
Bxb4 Ndxb4 9. O-O Bd7 10. a3 b5 11. Qd1 Nd5 12. e4 Nb6 13. Nc3 Ne7 14. Ne5 O-O
15. a4 b4 16. Nb1 a5 17. Nd2 Qe8 18. Ndxc4 Bxa4 19. Qd2 Bb5 20. Rfc1 Nxc4 21.
Nxc4 Bxc4 22. Rxc4 Qd7 23. Rc5 Rfd8 24. e5 Ra7 25. Raxa5 Rxa5 26. Rxa5 Nc6 27.
Bxc6 Qxc6 28. Qxb4 Qc1+ 29. Kg2 Qc6+ 1/2-1/2

[Event "World Junior Chess Championship U18 b"]
[Site "Gaziantep"]
[Date "2008.08.04"]
[Round "3.32"]
[White "Vavric, Pavel"]
[Black "Ashwin, Jayaram"]
[Result "0-1"]
[WhiteElo "2218"]
[BlackElo "2436"]
[PlyCount "42"]
[EventDate "2008.08.??"]
[EventType "swiss"]
[EventRounds "13"]
[EventCountry "TUR"]

1. e4 c5 2. Nf3 d6 3. d4 cxd4 4. Nxd4 Nf6 5. Nc3 a6 6. Bg5 e6 7. f4 Qb6 8. Qd2
Nc6 9. Nxc6 bxc6 10. e5 Nd5 11. Ne4 h6 12. Bh4 Qxb2 13. Rc1 dxe5 14. fxe5 Ba3
15. Rd1 Qxe5 16. Qe2 Bb4+ 17. c3 Bxc3+ 18. Nxc3 Qxc3+ 19. Kf2 Qc5+ 20. Kf3 O-O
21. Bf2 Qc3+ 0-1

[Event "World Junior Chess Championship U18 b"]
[Site "Gaziantep"]
[Date "2008.08.04"]
[Round "3.33"]
[White "Ronchetti, Niccolo"]
[Black "Martins, Vinicius Tine"]
[Result "1-0"]
[WhiteElo "2434"]
[BlackElo "2292"]
[PlyCount "177"]
[EventDate "2008.08.??"]
[EventType "swiss"]
[EventRounds "13"]
[EventCountry "TUR"]

1. e4 e5 2. Nf3 Nc6 3. Bb5 Nf6 4. Qe2 Bc5 5. c3 O-O 6. d3 d6 7. Bg5 Bd7 8. Nbd2
Qe7 9. Nf1 a6 10. Ba4 b5 11. Bc2 h6 12. Bh4 Nb8 13. Ne3 c6 14. O-O Bb6 15. a4
Ra7 16. a5 Bc7 17. d4 g6 18. b4 Bd8 19. dxe5 dxe5 20. Nxe5 Qxe5 21. Bg3 Qxc3
22. Bxb8 Rb7 23. Bd6 Re8 24. Qf3 Be7 25. Bxe7 Rxe7 26. Nf5 Qxb4 27. Rab1 Qc5
28. Nxe7+ Qxe7 29. Qf4 Ng4 30. Bb3 Kg7 31. Rfd1 c5 32. Qd6 Qxd6 33. Rxd6 Ra7
34. Rbd1 Be8 35. Rd8 Kf8 36. f3 Ne5 37. Rc8 c4 38. Ba2 Nc6 39. Rd5 Nxa5 40.
Rdd8 Re7 41. Kf2 Nb7 42. Rd5 Kg7 43. Ke3 Re6 44. Rc7 Bc6 45. Rd4 Nc5 46. Bxc4
bxc4 47. Rxc4 Nxe4 48. R4xc6 Nd6+ 49. Kd3 Kf6 50. Rxa6 Nf5 51. Rxe6+ Kxe6 52.
g3 h5 53. Ke4 Kf6 54. Kf4 Ne7 55. Ra7 Nd5+ 56. Ke4 Nc3+ 57. Ke3 Nd5+ 58. Kd4
Ne7 59. Ke4 Nf5 60. Ra6+ Kg7 61. Ke5 Ne3 62. Ra7 Nf5 63. g4 hxg4 64. fxg4 Nh4
65. Kf4 Ng2+ 66. Kg5 Ne1 67. Ra3 Nc2 68. Rd3 Ne1 69. Rc3 Ng2 70. Rc7 Ne1 71.
Rd7 Nf3+ 72. Kf4 Nh4 73. h3 Kf6 74. Rd6+ Kg7 75. Ra6 Ng2+ 76. Kg3 Ne3 77. h4
Nd5 78. Rd6 Nf6 79. Kf4 Ne8 80. Rd4 Kf6 81. Rb4 Nc7 82. Rb6+ Ne6+ 83. Ke4 Kg7
84. Ke5 Nc5 85. Rd6 Kh6 86. Kd4 Nb3+ 87. Kc4 Na5+ 88. Kb4 Nb7 89. Rd7 1-0

[Event "World Junior Chess Championship U18 b"]
[Site "Gaziantep"]
[Date "2008.08.04"]
[Round "3.34"]
[White "Kalashian, David"]
[Black "Serenac, Ivan"]
[Result "1-0"]
[WhiteElo "2432"]
[BlackElo "2289"]
[PlyCount "91"]
[EventDate "2008.08.??"]
[EventType "swiss"]
[EventRounds "13"]
[EventCountry "TUR"]

1. d4 Nf6 2. c4 g6 3. Nc3 d5 4. Bf4 Bg7 5. e3 c5 6. dxc5 Qa5 7. Rc1 dxc4 8.
Bxc4 O-O 9. Nge2 Qxc5 10. Qb3 Qa5 11. O-O Na6 12. Rfd1 Nc5 13. Qb5 Qxb5 14.
Nxb5 Be6 15. Ned4 Bxc4 16. Rxc4 Ncd7 17. Bg3 a6 18. Na3 Rac8 19. Rdc1 Rxc4 20.
Rxc4 Nd5 21. Kf1 Rd8 22. Rc1 Kf8 23. Ke2 Nb4 24. Rc7 Bxd4 25. exd4 b5 26. Nc2
Nxa2 27. Bf4 Nb6 28. Bd2 Nd5 29. Ra7 Rd6 30. Bh6+ Ke8 31. Ra8+ Kd7 32. Bd2 Rc6
33. Kd1 h5 34. g3 Ke6 35. Rd8 Rc4 36. Ne3 Nxe3+ 37. fxe3 Kf5 38. Ra8 Rc6 39. d5
Rd6 40. Kc2 b4 41. Ra7 Rxd5 42. Rxe7 Kf6 43. Rb7 a5 44. e4 b3+ 45. Rxb3 Rd4 46.
Bxa5 1-0

[Event "World Junior Chess Championship U18 b"]
[Site "Gaziantep"]
[Date "2008.08.04"]
[Round "3.35"]
[White "Oliver, Gareth"]
[Black "Toufighi, Tamijani Homayoon"]
[Result "0-1"]
[WhiteElo "2196"]
[BlackElo "2425"]
[PlyCount "52"]
[EventDate "2008.08.??"]
[EventType "swiss"]
[EventRounds "13"]
[EventCountry "TUR"]

1. d4 e6 2. c4 Nf6 3. Nc3 Bb4 4. e3 O-O 5. Bd3 c5 6. Nf3 d6 7. O-O Bxc3 8. bxc3
Nbd7 9. Nd2 e5 10. d5 Re8 11. Qc2 Qe7 12. f3 Nf8 13. Kh1 Nh5 14. Nb3 b6 15. Bd2
Ng6 16. f4 exf4 17. exf4 Ba6 18. g3 Qd7 19. Be1 Qh3 20. Qg2 Qxg2+ 21. Kxg2 Re3
22. Rf3 Rxd3 23. Rxd3 Nhxf4+ 24. gxf4 Nxf4+ 25. Kf3 Nxd3 26. Bg3 Bxc4 0-1

[Event "World Junior Chess Championship U18 b"]
[Site "Gaziantep"]
[Date "2008.08.04"]
[Round "3.36"]
[White "Potapov, Pavel"]
[Black "McPhillips, Karl"]
[Result "1-0"]
[WhiteElo "2418"]
[BlackElo "2221"]
[PlyCount "61"]
[EventDate "2008.08.??"]
[EventType "swiss"]
[EventRounds "13"]
[EventCountry "TUR"]

1. e4 c5 2. c3 e5 3. Nf3 Nc6 4. Bc4 Qc7 5. O-O Be7 6. Na3 Nf6 7. Re1 d6 8. h3
O-O 9. d4 a6 10. d5 Nd8 11. Nc2 g6 12. a4 Nh5 13. Bh6 Ng7 14. Qd2 f6 15. a5 Nf7
16. Bxg7 Kxg7 17. Bd3 f5 18. b4 f4 19. Na3 g5 20. Nh2 h5 21. Be2 Rh8 22. Nc4
Bd7 23. Nb6 Rag8 24. Red1 g4 25. hxg4 Kf8 26. bxc5 hxg4 27. c6 bxc6 28. dxc6
Be6 29. Nd5 Bxd5 30. Qxd5 g3 31. Ng4 {...} 1-0

[Event "World Junior Chess Championship U18 b"]
[Site "Gaziantep"]
[Date "2008.08.04"]
[Round "3.38"]
[White "Vocaturo, Daniele"]
[Black "Alvarez Ramirez, Miguel Angel"]
[Result "0-1"]
[WhiteElo "2417"]
[BlackElo "2194"]
[PlyCount "76"]
[EventDate "2008.08.??"]
[EventType "swiss"]
[EventRounds "13"]
[EventCountry "TUR"]

1. e4 c5 2. Nf3 d6 3. d4 cxd4 4. Nxd4 Nf6 5. Nc3 a6 6. Bg5 e6 7. f4 Nbd7 8. Qf3
Qc7 9. O-O-O b5 10. Bd3 Bb7 11. Rhe1 Qb6 12. Nd5 Qxd4 13. Bxf6 gxf6 14. Bxb5
Qc5 15. Nxf6+ Kd8 16. Nxd7 Qxb5 17. Nxf8 Rxf8 18. Qa3 Rc8 19. Qxd6+ Ke8 20. Rd2
Qc6 21. Qd4 Ke7 22. Qb4+ Kf6 23. Re3 Rfe8 24. Rb3 Qxe4 25. Qd6 Bd5 26. Rbd3 Rc6
27. Qa3 Rec8 28. c3 Qxf4 29. g3 Qc7 30. Qa4 Rc4 31. Qd1 Re4 32. Rf2+ Ke7 33.
Qh5 Rf8 34. Qxh7 Qc4 35. Rdf3 Re1+ 36. Kd2 Bxf3 37. Rxf3 Qe4 38. Qxe4 Rxe4 {...
} 0-1

[Event "World Junior Chess Championship U18 b"]
[Site "Gaziantep"]
[Date "2008.08.04"]
[Round "3.39"]
[White "Durarbeyli, Vasif"]
[Black "Lortkipanidze, Nodar"]
[Result "0-1"]
[WhiteElo "2413"]
[BlackElo "2080"]
[PlyCount "74"]
[EventDate "2008.08.??"]
[EventType "swiss"]
[EventRounds "13"]
[EventCountry "TUR"]

1. e4 e5 2. Nf3 Nc6 3. Bb5 a6 4. Ba4 Nf6 5. O-O Be7 6. Qe2 b5 7. Bb3 O-O 8. c3
d5 9. d3 Be6 10. Rd1 h6 11. Nbd2 Bc5 12. Nf1 Qe7 13. Ng3 Rad8 14. h3 dxe4 15.
dxe4 Rxd1+ 16. Qxd1 Rd8 17. Qe2 Qd7 18. Be3 Bxe3 19. Qxe3 Kh7 20. Rd1 Qe7 21.
Bd5 g6 22. Nh2 Bxd5 23. exd5 Rxd5 24. Rxd5 Nxd5 25. Qf3 Qe6 26. Ne4 f5 27. Nc5
Qd6 28. Nb7 e4 29. Qd1 Qe5 30. Kh1 Nde7 31. Nf1 f4 32. Qb3 Kg7 33. c4 bxc4 34.
Qa3 Qf5 35. Qxa6 e3 36. fxe3 fxe3 37. Nxe3 Qd3 0-1

[Event "World Junior Chess Championship U18 b"]
[Site "Gaziantep"]
[Date "2008.08.04"]
[Round "3.40"]
[White "Apaydin, Fethi"]
[Black "Sjugirov, Sanan"]
[Result "0-1"]
[WhiteElo "2187"]
[BlackElo "2545"]
[PlyCount "60"]
[EventDate "2008.08.??"]
[EventType "swiss"]
[EventRounds "13"]
[EventCountry "TUR"]

1. e4 c5 2. Nc3 Nc6 3. g3 g6 4. Bg2 Bg7 5. d3 d6 6. f4 e6 7. Nf3 Nge7 8. O-O
O-O 9. Be3 Nd4 10. e5 Nef5 11. Bf2 Nxf3+ 12. Qxf3 Nd4 13. Qd1 dxe5 14. fxe5
Bxe5 15. Ne4 f5 16. Nxc5 Qd6 17. b4 Nc6 18. Rb1 Bd4 19. Qe1 a5 20. Bxc6 bxc6
21. c3 Bxf2+ 22. Qxf2 axb4 23. cxb4 e5 24. a4 f4 25. d4 exd4 26. Rbd1 Bh3 27.
Rxd4 Qe7 28. Re1 fxg3 29. Qxg3 Rf3 30. Qh4 Raf8 0-1

[Event "World Junior Chess Championship U18 b"]
[Site "Gaziantep"]
[Date "2008.08.04"]
[Round "3.41"]
[White "Anton, Teodor"]
[Black "Acarbay, Aydin"]
[Result "0-1"]
[WhiteElo "2353"]
[BlackElo "1825"]
[PlyCount "70"]
[EventDate "2008.08.??"]
[EventType "swiss"]
[EventRounds "13"]
[EventCountry "TUR"]

1. d4 Nf6 2. c4 c5 3. d5 b5 4. cxb5 a6 5. b6 e6 6. Nc3 Nxd5 7. Nxd5 exd5 8.
Qxd5 Nc6 9. e4 Be7 10. Nf3 Rb8 11. Bc4 O-O 12. O-O Rxb6 13. Qh5 d6 14. Rd1 Be6
15. Bd3 c4 16. Bc2 Rb5 17. e5 g6 18. Qh6 Nxe5 19. Nd4 Rb8 20. Nxe6 fxe6 21. Qh3
Qd7 22. Qg3 Nf7 23. Bxg6 hxg6 24. Qxg6+ Kh8 25. Rd4 Ne5 26. Qh5+ Kg8 27. Qxe5
dxe5 28. Rxd7 Bc5 29. Rd2 Rxf2 30. Rxf2 Rf8 31. Be3 Bxe3 32. Raf1 Rb8 33. Kh1
Bxf2 34. Rxf2 c3 35. b3 Rd8 0-1

[Event "World Junior Chess Championship U18 b"]
[Site "Gaziantep"]
[Date "2008.08.04"]
[Round "3.42"]
[White "Mijovic, Stefan"]
[Black "Niemi, Mikko"]
[Result "1-0"]
[WhiteElo "2289"]
[BlackElo "2214"]
[PlyCount "81"]
[EventDate "2008.08.??"]
[EventType "swiss"]
[EventRounds "13"]
[EventCountry "TUR"]

1. e4 d6 2. d4 Nf6 3. Nc3 g6 4. f4 Bg7 5. Nf3 O-O 6. Bd3 Nc6 7. e5 dxe5 8. dxe5
Nd5 9. Nxd5 Qxd5 10. Qe2 Bf5 11. Bxf5 gxf5 12. O-O Rad8 13. Be3 f6 14. exf6
Bxf6 15. c3 Qe4 16. Rfe1 Rd3 17. Bf2 Qxe2 18. Rxe2 Rfd8 19. Rae1 Kf7 20. Bh4
Rd1 21. Bxf6 Rxe1+ 22. Rxe1 Kxf6 23. Kf2 h6 24. h3 Rg8 25. Rd1 Rd8 26. Re1 Rg8
27. b4 a6 28. a4 e6 29. b5 axb5 30. axb5 Nd8 31. Rd1 Ke7 32. Ne5 c6 33. Rd7+
Kf6 34. c4 cxb5 35. cxb5 Rf8 36. Ke3 Nf7 37. Nxf7 Rxf7 38. Rxf7+ Kxf7 39. Kd4
b6 40. Ke5 Ke7 41. g4 1-0